000 00554nam a2200217 a 4500
001 0001-2024
003 ELIB.Books
008 190618 2010 eng
020 _aKBTS
092 _a264
_bMur
100 _aMurry, Andrew
245 _aThe Ministry of Intercessory Prayer
260 _aMinneapolis
_bBethany House Publishers
_c1981
300 _a155
_c20.2 Cm
650 _aPrayer
856 _nKBTS Library
_uKBTS Elib
942 _2ddc
_cBK
990 _a1
998 _aEnglishbooks.elf
_ccat
_e2019-06-18
999 _c12024
_d12024